Josep Lluís Sert: conversaciones y escritos. Lugares de encuentro para las artes

Uloženo v:
Podrobná bibliografie
Hlavní autor: Juncosa, Patricia (Autor)
Médium: Kniha
Jazyk:španělština
Vydáno: Barcelona Gustavo Gili 2011
Témata:
Tagy: Přidat tag
Žádné tagy, Buďte první, kdo vytvoří štítek k tomuto záznamu!

MARC

LEADER 00000cam a2200000 a 4500
001 UCG9836
003 CL-VaPUC
008 120405e20110000SP |||||||||||||||||spa|d
020 |a 9788425224089 
082 0 4 |a 927.792  |b JUN  |2 21 
100 0 |a Juncosa, Patricia  |e author  |9 561546 
245 1 0 |a Josep Lluís Sert: conversaciones y escritos. Lugares de encuentro para las artes 
300 |a 95 p 
942 |c BK 
945 |d 20120405 00:00:00  |a dcastane 
260 |a Barcelona  |b Gustavo Gili  |c 2011 
650 0 |a Biografías  |9 255210 
650 0 |a Arquitectos   |9 268647 
650 0 |a Arquitectos españoles  |9 350193 
583 |a last modification  |c 20120405 11:40:00  |k Rodrigo Vera 
999 |c 347373  |d 347371 
952 |0 0  |1 0  |4 0  |6 927_792000000000000_JUN_2011  |7 0  |8 A  |9 448655  |a BIBARQ  |b BIBARQ  |d 2019-11-22  |i 4855175  |o 927.792 JUN 2011  |p 4855175  |r 2025-01-20  |w 2019-11-22  |y BK  |k ARQ